Introduction to dislocations 3rd ed (Record no. 7807)

MARC details
000 -LEADER
fixed length control field 00368nam a22001457a 4500
003 - CONTROL NUMBER IDENTIFIER
control field NG-AbAUS
008 - FIXED-LENGTH DATA ELEMENTS--GENERAL INFORMATION
fixed length control field 160804b xxu||||| |||| 00| 0 eng d
082 ## - DEWEY DECIMAL CLASSIFICATION NUMBER
Edition number 3
Classification number 548 H8772
100 ## - MAIN ENTRY--PERSONAL NAME
Personal name Hull D & Bacon J D
9 (RLIN) 783
245 ## - TITLE STATEMENT
Title Introduction to dislocations 3rd ed
250 ## - EDITION STATEMENT
Edition statement 3
260 ## - PUBLICATION, DISTRIBUTION, ETC. (IMPRINT)
Place of publication, distribution, etc New York
Name of publisher, distributor, etc Pergamon Press
Date of publication, distribution, etc 1984
300 ## - PHYSICAL DESCRIPTION
Extent 257
Other physical details Index
942 ## - ADDED ENTRY ELEMENTS (KOHA)
Source of classification or shelving scheme Dewey Decimal Classification
Item type Book

No items available.